Equity and long-term care policies <a> framework for the comparative analysis

Guardado en:
Detalles Bibliográficos
Autor principal: Österle, August
Formato: Libro
Lenguaje:inglés
Publicado: San Domenico (FI) European University Institute 1999
Colección:EUI Working paper EUF No. 99/14
Materias:
Etiquetas: Agregar Etiqueta
Sin Etiquetas, Sea el primero en etiquetar este registro!

MARC

LEADER 00000nam a2200000 4500
001 c132431
005 20221108123705.6
041 0 |a eng 
044 |a IT 
245 1 0 |a Equity and long-term care policies  |b <a> framework for the comparative analysis  |c August Österle 
264 1 |a San Domenico (FI)  |b European University Institute  |c 1999 
300 |a 23 s. 
490 1 |a EUI Working paper EUF  |v No. 99/14 
830 0 |a EUI Working paper EUF  |v No. 99/14 
610 2 0 |a politika sociálna 
610 2 0 |a zabezpečenie sociálne 
610 2 0 |a analýzy 
100 1 |a Österle, August